00916cam a2200253 a 450000100100000000500170001000800410002702000150006804000250008308200200010810000360012824500460016426000690021030000200027949000220029950000730032165000280039465000300042283000290045291000340048104900090051595201230052499900150064700000509520200929151558.0971028t19971996mx f000 p spa d a9682996872 aDO-SdBNPbspacBNPHU aMe861.44bL486f1 aLeñero, Carmen,d1959-91462213aLa fiera transparente /cCarmen Leñero. aMéxico :bConsejo Nacional para la Cultura y las Artes,c1997. a84 p. ;c21 cm.1 aPráctica mortal aIncluye datos biográficos de la autora en la solapa de la portada. 4aPoesía mexicana99120 4aLiteratura mexicana91922 0aPráctica mortal914623 aCatalogación por copia / LC aBNGR 001054708MOaGRbGRcCTd2009-07-29iLF1l0oMe861.44 L486fp5095-10r2020-06-25w2020-06-25y4ZPréstamo en sala c4898d4898